01007cam a2200325 i 450000100090000000300040000900500170001300800410003001000170007102000180008803500200010604000090012604200080013505000210014324501110016425000120027526400550028730000170034233600210035933700250038033800230040550400510042865000350047965000150051465000220052965000310055170000380058270000310062070000300065120941357OSt20231025155921.0190419s2020 mau b 001 0 eng  a 2019019012 a9781284156560 a(DNLM)101745869 cKABU apcc00aRA971b.I58 202100aIntroduction to health care management /cedited by Sharon B. Buchbinder, Nancy H. Shanks & Bobbie J. Kite a4th ed. 1aBurlington, MA :bJones & Bartlett Learning,c2021 axiv, 618 p ; atext2rdacontent aunmediated2rdamedia avolume2rdacarrier aIncludes bibliographical references and index.12aHealth Services Administration22aLeadership22aHealth Care Costs22aEfficiency, Organizational1 aBuchbinder, Sharon Bell,eeditor.1 aShanks, Nancy H.,eeditor.1 aKite, Bobbie J.,eeditor.